[Event "5.Mansfelder Schloss-Open"]
[Site "Schloss Mansfeld"]
[Date "2020.07.26"]
[Round "7.3"]
[White "Hourigan, Gerrit"]
[Black "Peschel, Andreas"]
[Result "1-0"]
[WhiteElo "2271"]
[BlackElo "2199"]
[PlyCount "117"]
[EventDate "2020.??.??"]

1. d4 d5 2. c4 e6 3. Nf3 c6 4. e3 Nf6 5. b3 Bb4+ 6. Nbd2 Ne4 7. Bd3 Nd7 8. O-O
Nxd2 9. Bxd2 Bxd2 10. Qxd2 Qe7 11. Qc2 h6 12. Rac1 O-O 13. Rfe1 Re8 14. cxd5
exd5 15. e4 dxe4 16. Bxe4 Qf8 17. d5 c5 18. Nd2 Nf6 19. Qxc5 Bg4 20. f3 Bh5 21.
d6 Rac8 22. Qb4 a5 23. Qb6 Nd7 24. Qd4 Rxc1 25. Rxc1 Re6 26. Nc4 b5 27. Nxa5
Rxd6 28. Qa7 Rd2 29. Nb7 Qb4 30. Qe3 Rxa2 31. h3 Nf8 32. Rc8 Ra3 33. Qc5 Qxc5+
34. Nxc5 Ra7 35. Bc6 f5 36. Nd7 Rxd7 37. Bxd7 Bf7 38. b4 Bc4 39. Rb8 Kf7 40.
Bxb5 Bd5 41. Bd3 g6 42. Rd8 Be6 43. b5 Ke7 44. Ra8 Nd7 45. Kf2 Nc5 46. Be2 Bd5
47. Ra7+ Bb7 48. g4 Kd6 49. gxf5 gxf5 50. Kg3 Kc7 51. Kf4 Kb6 52. Ra1 Ne6+ 53.
Ke5 Ng5 54. h4 Nxf3+ 55. Bxf3 Bxf3 56. Ra6+ Kxb5 57. Rxh6 Bg4 58. h5 Kc5 59.
Rh8 1-0

[Event "5.Mansfelder Schloss-Open"]
[Site "Schloss Mansfeld"]
[Date "2020.07.26"]
[Round "7.4"]
[White "Hoffmann, Hendrik"]
[Black "Geue, Niklas"]
[Result "1-0"]
[WhiteElo "2250"]
[BlackElo "2043"]
[PlyCount "63"]
[EventDate "2020.??.??"]

1. e4 e6 2. d4 d5 3. Nd2 dxe4 4. Nxe4 Nd7 5. Nf3 Ngf6 6. Nxf6+ Nxf6 7. Be3 Bd6
8. Bd3 O-O 9. Qe2 b6 10. O-O-O Bb7 11. Rhg1 Qe7 12. g4 Nd5 13. g5 c5 14. Ne5
cxd4 15. Bxd4 Nf4 16. Qg4 Bxe5 17. Bxe5 Nxd3+ 18. Rxd3 Qc5 19. Bd6 Qxf2 20.
Bxf8 Kxf8 21. Qg3 Qc5 22. Rgd1 Bd5 23. Rc3 Qb5 24. a3 a5 25. h4 Qe2 26. Qc7 Qf2
27. Qg3 Qe2 28. b3 Qa6 29. h5 b5 30. h6 b4 31. Rc7 Rc8 32. Qe5 1-0

[Event "5.Mansfelder Schloss-Open"]
[Site "Schloss Mansfeld"]
[Date "2020.07.26"]
[Round "7.5"]
[White "Schulte, Felix"]
[Black "Just, Wolfgang"]
[Result "1-0"]
[WhiteElo "2176"]
[BlackElo "2138"]
[PlyCount "83"]
[EventDate "2020.??.??"]

1. d4 e6 2. g3 f5 3. Bg2 Nf6 4. Nh3 Be7 5. O-O O-O 6. c4 d5 7. Nd2 c6 8. Nf4 g5
9. Nh3 Ne4 10. Nxe4 dxe4 11. f3 exf3 12. exf3 c5 13. Be3 cxd4 14. Qxd4 Qxd4 15.
Bxd4 Nc6 16. Be3 h6 17. f4 g4 18. Nf2 Rd8 19. Rad1 Bd7 20. Nd3 Kf7 21. Nc5 Bxc5
22. Bxc5 Be8 23. b3 Rac8 24. Ba3 Na5 25. Bb4 Nc6 26. Bc3 Rxd1 27. Rxd1 Rd8 28.
Rxd8 Nxd8 29. Kf2 Bc6 30. Bxc6 Nxc6 31. b4 a6 32. a4 Ke8 33. Ke3 Kd7 34. b5 Ne7
35. Kd4 Nc8 36. Bb4 Nb6 37. a5 Nc8 38. Bc5 Nd6 39. Bxd6 Kxd6 40. c5+ Kd7 41.
bxa6 bxa6 42. Ke5 1-0

[Event "5.Mansfelder Schloss-Open"]
[Site "Schloss Mansfeld"]
[Date "2020.07.26"]
[Round "7.6"]
[White "Westendorp, Christian"]
[Black "Pikalow, Michael"]
[Result "0-1"]
[WhiteElo "1861"]
[BlackElo "1823"]
[PlyCount "118"]
[EventDate "2020.??.??"]

1. d4 Nf6 2. c4 c5 3. d5 b5 4. cxb5 a6 5. bxa6 g6 6. Nc3 Bg7 7. g3 d6 8. Bg2
Bxa6 9. Rb1 Qa5 10. Bd2 O-O 11. Nf3 Nbd7 12. O-O Rfb8 13. Re1 Ng4 14. Na4 Qc7
15. Nc3 Nge5 16. b3 Ra7 17. Nh4 Rab7 18. a3 Ra7 19. h3 Nf8 20. f4 Ned7 21. Kh2
Bc8 22. a4 Ba6 23. Bf1 Rab7 24. e4 Bxf1 25. Rxf1 c4 26. Nb5 Rxb5 27. axb5 Rxb5
28. bxc4 Rxb1 29. Qxb1 Qxc4 30. Rd1 Nc5 31. Qb4 Qc2 32. Rc1 Qd3 33. Re1 Bd4 34.
Nf3 Bf2 35. Qc3 Qxc3 36. Bxc3 Bxe1 37. Bxe1 Nxe4 38. Nd4 Nf6 39. g4 Nxd5 40.
Kg3 Nd7 41. h4 Kg7 42. g5 e5 43. fxe5 dxe5 44. Nf3 e4 45. Nd4 Ne5 46. Nc2 Nd3
47. Bd2 Kf8 48. Ne3 Nxe3 49. Bxe3 Ke7 50. h5 Ke6 51. h6 Kd5 52. Kg2 Kc4 53. Kf1
Ne5 54. Ke2 Ng4 55. Bg1 Kd5 56. Bb6 Ke5 57. Bd8 Kf5 58. Be7 f6 59. gxf6 Nxf6
0-1

[Event "5.Mansfelder Schloss-Open"]
[Site "Schloss Mansfeld"]
[Date "2020.07.26"]
[Round "7.7"]
[White "Ziervogel, Alexander"]
[Black "Bangiev, Katharina"]
[Result "1-0"]
[WhiteElo "1847"]
[BlackElo "1500"]
[PlyCount "51"]
[EventDate "2020.??.??"]

1. d4 d6 2. Nf3 g6 3. c4 Bg7 4. Nc3 Nf6 5. g3 O-O 6. Bg2 Nc6 7. d5 Ne5 8. Nxe5
dxe5 9. O-O Rb8 10. Be3 b6 11. h3 e6 12. Qb3 exd5 13. cxd5 Bb7 14. Rfd1 Qe7 15.
Rac1 Nh5 16. Nb5 Qd7 17. Rxc7 Qd8 18. Rdc1 a6 19. Bxb6 axb5 20. Rxb7 Qe8 21.
Rxb8 Qxb8 22. Bc7 Qe8 23. d6 Bh6 24. Rc2 Nf6 25. Bc6 Nd7 26. Qxb5 1-0

[Event "5.Mansfelder Schloss-Open"]
[Site "Schloss Mansfeld"]
[Date "2020.07.26"]
[Round "7.8"]
[White "Udelnov, Valentin"]
[Black "Schlierf, Heiko"]
[Result "1-0"]
[WhiteElo "1558"]
[BlackElo "1903"]
[PlyCount "33"]
[EventDate "2020.??.??"]

1. e4 d5 2. exd5 Nf6 3. d4 Bg4 4. Bb5+ Nbd7 5. Nf3 a6 6. Ba4 b5 7. Bb3 Nb6 8.
h3 Bf5 9. g4 Bc8 10. Ne5 Nbxd5 11. g5 Ng8 12. Qf3 Be6 13. Nc3 c6 14. Nxc6 Qb6
15. Bxd5 Rc8 16. Bxe6 Qxc6 17. Qxf7+ 1-0

[Event "5.Mansfelder Schloss-Open"]
[Site "Schloss Mansfeld"]
[Date "2020.07.26"]
[Round "7.9"]
[White "Groebel, Aaron"]
[Black "Gremmer, Dieter"]
[Result "1-0"]
[WhiteElo "2117"]
[BlackElo "1720"]
[PlyCount "97"]
[EventDate "2020.??.??"]

1. e4 e6 2. d3 Nc6 3. c3 Bc5 4. d4 Bb6 5. Bd3 d5 6. e5 Nge7 7. Bg5 a6 8. Qg4
Qd7 9. Nf3 Ng6 10. h4 h6 11. Be3 h5 12. Qg3 Nce7 13. Nbd2 Nf5 14. Bxf5 exf5 15.
O-O Qe7 16. Bg5 Qe6 17. c4 dxc4 18. Rac1 f4 19. Bxf4 Qg4 20. Be3 Qxg3 21. fxg3
Bg4 22. Nxc4 Ba7 23. Rfe1 O-O 24. Ncd2 c6 25. Ne4 Ne7 26. Bf2 Nd5 27. a3 Rad8
28. Nfd2 Ne7 29. Nb3 Nf5 30. Rc4 Ne7 31. Nbc5 b5 32. Rcc1 a5 33. Nd6 a4 34.
Ncb7 Rd7 35. Na5 Rc7 36. Nxb5 Rd7 37. Nxa7 Rxa7 38. Nxc6 Nxc6 39. Rxc6 Rb8 40.
d5 Rab7 41. Bd4 Rd7 42. d6 Be6 43. Ra6 Bb3 44. Rc1 Rbb7 45. Kf2 Kh7 46. Ke3 Kg6
47. Kf4 Kh6 48. Rc7 Rbxc7 49. dxc7+ 1-0

[Event "5.Mansfelder Schloss-Open"]
[Site "Schloss Mansfeld"]
[Date "2020.07.26"]
[Round "7.10"]
[White "Thieme, Daniel Otis"]
[Black "Witter, Jannes"]
[Result "1-0"]
[WhiteElo "2033"]
[BlackElo "1711"]
[PlyCount "53"]
[EventDate "2020.??.??"]

1. d4 g6 2. e4 d6 3. f4 Bg7 4. Nf3 Nd7 5. Nc3 c5 6. Be3 Ngf6 7. dxc5 Qa5 8.
cxd6 Nxe4 9. Bd4 Nxc3 10. bxc3 O-O 11. Bc4 exd6 12. O-O Qc7 13. Bxg7 Kxg7 14.
Qd4+ Kg8 15. Rad1 Qc5 16. Rf2 Nb6 17. Bb3 Bf5 18. Qxd6 Qxc3 19. Ne5 Rac8 20.
Qf6 Nc4 21. Rf3 Qb2 22. g4 Bxc2 23. Rf2 Ne3 24. Bxf7+ Rxf7 25. Qxf7+ Kh8 26.
Qf6+ Kg8 27. Qe6+ 1-0